000 00268nam a22001217a 4500
008 181207b xxu||||| |||| 00| 0 eng d
041 _aeng
080 _a510
100 _a49
101 _aMAT
245 _aFunctions Several Variables
_cJohn.W.W
942 _2udc
_cBK
999 _c53002
_d53002